Computer Networking: A Top-Down Approach (Record no. 8428)

MARC details
000 -LEADER
fixed length control field 00346nam a22001217a 4500
008 - FIXED-LENGTH DATA ELEMENTS--GENERAL INFORMATION
fixed length control field 200125b ||||| |||| 00| 0 eng d
020 ## - INTERNATIONAL STANDARD BOOK NUMBER
International Standard Book Number 9789332585492
100 ## - MAIN ENTRY--PERSONAL NAME
Personal name KUROSE, James F and ROSS, Keith W
245 ## - TITLE STATEMENT
Title Computer Networking: A Top-Down Approach
250 ## - EDITION STATEMENT
Edition statement Sixth edition
260 ## - PUBLICATION, DISTRIBUTION, ETC. (IMPRINT)
Place of publication, distribution, etc New Delhi
Name of publisher, distributor, etc Pearson Education
942 00 - ADDED ENTRY ELEMENTS (KOHA)
Source of classification or shelving scheme Dewey Decimal Classification
Koha item type Text Books
942 00 - ADDED ENTRY ELEMENTS (KOHA)
-- 10
Holdings
Withdrawn status Lost status Source of classification or shelving scheme Damaged status Not for loan Collection code Home library Current library Date acquired Source of acquisition Currency Cost, normal purchase price Bill Number Total Checkouts Full call number Acc. no. / Barcode Date last seen Copy number Actual Cost, discounted price Bill Date Koha item type Date last borrowed
    Dewey Decimal Classification     MCA PIET C-LIBRARY PIET C-LIBRARY 25/01/2020 KIRTI PRAKASHAN NEW DELHI IN Rupees 879.00 IN5959   004.6 KUC 31568 25/01/2020 1 597.60 03/01/2020 Reference Books  
    Dewey Decimal Classification     MCA PIET C-LIBRARY PIET C-LIBRARY 25/01/2020 KIRTI PRAKASHAN NEW DELHI IN Rupees 879.00 IN5959 5 004.6 KUC 31569 25/08/2025 2 597.60 03/01/2020 Text Books 06/06/2025
    Dewey Decimal Classification     MCA PIET C-LIBRARY PIET C-LIBRARY 25/01/2020 KIRTI PRAKASHAN NEW DELHI IN Rupees 879.00 IN5959 4 004.6 KUC 31570 27/09/2023 3 597.60 03/01/2020 Text Books 15/09/2023
    Dewey Decimal Classification     Computer Science & Engineering in Cyber Security PIET C-LIBRARY PIET C-LIBRARY 25/01/2020 KIRTI PRAKASHAN NEW DELHI IN Rupees 879.00 IN5959 2 004.6 KUC 31571 29/11/2021 4 597.60 03/01/2020 Text Books 10/11/2021
    Dewey Decimal Classification     Computer Science and Engineering in AI & Machine Learning PIET C-LIBRARY PIET C-LIBRARY 25/01/2020 KIRTI PRAKASHAN NEW DELHI IN Rupees 879.00 IN5959 5 004.6 KUC 31572 30/01/2023 5 597.60 03/01/2020 Text Books 12/01/2023

Design & Developed by: PIET Central Library
R70 Miles Stone Pattikalyana Samalkha Panipat 132102
mail ID :- [email protected], Phone No:- 0180-2569700 Ex.216